01557nam a2200361 a 4500001001000000003000500010005001700015008004100032010001100073011001100084040000900095090001000104100003800114245017200152260004100324500006000365502018100425590003700606590004000643590004000683590004000723650005100763650003900814650004000853650004300893856001600936856007000952901000701022942001001029942000601039999001901045952013101064000114806CHAP20220329144459.0180417s2018 mx |sm |||||||spa d a111267 a112239 cCHAP aTesis1 aCordero Cortés, Patricia92794810aLa resiliencia empresarial, su estudio y medición. El caso de las microempresas agroindustriales del Estado de Méxicoh[En línea]cpor Patricia Cordero Cortés. aChapingo, Méx. :bEl autor,c2018. aPara ver el contenido del material haga clic en la liga aTesis (Ph. D. en Problemas Económico Agroindustriales) -- UACH. Centro de Investigaciones Económicas, Sociales y Tecnológicas de la Agroindustria y la Agricultura Mundial aBATCHb00c20181121lUCH01h0759 aE6337LMJb05c20180417lUCH01h1326 aE6337LMJb05c20180417lUCH01h1327 aE6337LMJb05c20180417lUCH01h133314aEmpresas pequeñasxAdministración.913214714aEmpresasxSustentabilidad.913068614aEstrategias administrativas.93846214aProcedimientos administrativos.991712 a1 n0001709 aFinding aiduhttp://10.13.5.2/tesis/sist114806.pdfzTeclea aquí aBK cTESIS n0 c111267d111267 00104054718TESISaBCbBCd2018-04-17fTESISl0oTesisp114807-10r2019-12-31 00:00:00w2019-12-31yTESISzRecien adquirido